00411nam a2200181Ia 4500003000400000005001700004008004100021020001800062040000700080041000800087082001600095100001800111245002300129250000600152260004300158300001500201365001300216OSt20220616110331.0210423s2011 xx 000 0 und d a9788122424089 cAL aeng a541.28 PRAR aPRASAD (R K). aQuantum chemistry. a4 aNew DelhibNew Age Internationalc2011 axx,566bPB b295cINR